00748nam a2200217Ia 450000500170000000800410001702000150005804000180007304100080009108200200009910000220011924500860014125000370022726000580026430000320032265000280035465000290038265000440041165000490045565000260050420220711161536.0210716s1992 xx 000 0 und d a0876927770 cAIMIT LIBRARY aeng a006.3 21bPATD aPatterson, Dan W. aIntroduction to artificial intelligence and expert systems /cBy Dan W, Pattersom a1st ed.bEastern Economy Edition aNew Delhi :bPrentice Hall of India PVt Ltd. ,c1992. axv ,448p. ;bPB :c23.5 cm. aArtificial Intelligence aKnowledge Representation aKnowledge Organization and Manipulation aPerception, Communication and Expert Systems aKnowledge Acquisition